000 00471nam a2200133 i 4500
001 183890
003 ES-MaACL
005 20230906222009.0
008 141107s1900 hu |||| | fre d
245 0 0 _aLoi XLIX de 1899 et Instruction relative aux faveurs accordées à l'Industrie nationale dans les pays de la Sainte Couronne Hongroise.
260 _aBudapest :
_bMinistére Royal Hongrois du Commerce,
_c1900.
300 _a40 p. ;
_c.
852 _aES-MaACL
_jT-987-F-5
999 _c183890
_d183890